Bienvenue à la Médiathèque de Saint-Andiol
banniere
Accueil Recherche avancée Mon compte
handi1 Rechercher dans le catalogue

Filtre   Mots-clés
  Recherche avancée
 
Lister les dernières nouveautés
 
Lister les livres GROS CARACTERES
 
Lister les périodiques (magazines)

handi1 domaine de Berrima (Le)

Book Cover
Auteur principal : Anne-Marie Brear
Titre : domaine de Berrima (Le)
Support : Livres à gros caractères
Langue : Francais
Publié : 2025 VDB La Roque-sur-Pernes
Genre : Roman
Sujets :
Étiquettes :
Pas de tags
LEADER 01420nam0a2200193 450
001 16868177
010 |a 978-2-36637-216-8  |b Br.  |d 23 € 
100 |a 20260403d2025 u u0frey01 ba 
101 1 |a fre  |c eng 
102 |a FR 
200 0 |a domaine de Berrima (Le)  |f Anne-Marie Brear 
207 1 |a   
210 |a La Roque-sur-Pernes  |b 84  |c VDB  |d 2025 
215 |a 1 vol. (475 p.)  |c Couv ill  |d 22x15 cm 
330 |a Australie, 1853. Mariée en secondes noces à Alistair Emmerson, un négociant qu’elle a épousé pour la sécurité qu’il pouvait offrir à ses enfants, Ellen supervise l’achèvement des travaux de leur domaine, l’un des plus grands de la région de Berrima, à une centaine de kilomètres au sud de Sydney. C’est alors que réapparaît un fantôme de son passé. Un homme venu d’Irlande qui, en plus de réveiller de douloureux souvenirs, va bientôt mettre en péril sa respectabilité nouvelle et la tranquillité des siens. Refusant la fatalité, la jeune femme va devoir faire montre de courage et d’une détermination sans faille pour conserver ce qu’elle a si chèrement acquis. Au prix de douloureux sacrifices 
700 0 |a Brear  |b Anne-Marie  |4 70 
900 |a Roman 
901 |a Adultes 
995 |a Médiathèque  |c Médiathèque  |f 089021824  |h 089021824  |k R BRE LV 2  |o p  |q a  |r ag  |u A prêter en 2 vol (avec "Avec l'espoir pour horizon")A rendre en 2 vol (avec "Avec l'espoir pour horizon" vol 1)  |e MédiathèqueÂ